Catalog

Record Details

Catalog Search



Astronauts  Cover Image Book Book

Astronauts / Arnold Ringstad.

Ringstad, Arnold,: (author.).

Summary:

Astronauts takes an in-depth look at the people who fly into space. Readers will learn about the history of space exploration, how astronauts live and work in space, and the amazing machines that launch people into space and return them safely to Earth. Features include a glossary, additional resources, and an index. Aligned to Common Core Standards and correlated to state standards. Early Encyclopedias is an imprint of Abdo Reference, a division of ABDO.

Record details

  • ISBN: 1098298772
  • ISBN: 9781098298777
  • Physical Description: 128 p. ; 26 cm
  • Publisher: Minneapolis, MN : ABDO Publishing Company, 2026.
Subject: Astronauts > Juvenile literature.
Astronautes > Ouvrages pour la jeunesse.

Available copies

  • 1 of 1 copy available at scottsboropl.

Holds

  • 0 current holds with 1 total copy.
Show Only Available Copies
Location Call Number / Copy Notes Barcode Shelving Location Status Due Date
scottsboropl J 629.45 Riin 32269001291304 Juvenile - New Available -

LDR 01807cam a2200397 4500
001167312
003SBPL
00520260324154654.0
008260129s2026 mnu 000 0 eng d
010 . ‡a 2025939293
020 . ‡a1098298772
020 . ‡a9781098298777
035 . ‡a(OCoLC)1570439913 ‡z(OCoLC)1535397174 ‡z(OCoLC)1537021087
08214. ‡a629.45 ‡223
1001 . ‡aRingstad, Arnold,: ‡eauthor.
24510. ‡aAstronauts / ‡cArnold Ringstad.
264 1. ‡aMinneapolis, MN : ‡bABDO Publishing Company, ‡c2026.
300 . ‡a128 p. ; ‡c26 cm
336 . ‡atext ‡btxt ‡2rdacontent
337 . ‡aunmediated ‡bn ‡2rdamedia
338 . ‡avolume ‡bnc ‡2rdacarrier
4901 . ‡aEarly Space Encyclopedias
520 . ‡aAstronauts takes an in-depth look at the people who fly into space. Readers will learn about the history of space exploration, how astronauts live and work in space, and the amazing machines that launch people into space and return them safely to Earth. Features include a glossary, additional resources, and an index. Aligned to Common Core Standards and correlated to state standards. Early Encyclopedias is an imprint of Abdo Reference, a division of ABDO.
650 0. ‡aAstronauts ‡vJuvenile literature.
650 6. ‡aAstronautes ‡vOuvrages pour la jeunesse.
830 0. ‡aEarly space encyclopedias.
901 . ‡a167312 ‡bAUTOGEN ‡c167312 ‡tbiblio

Additional Resources